Countries with most video game revenues - Statistics

General Stats
  • This quiz has been taken 62 times
    43 since last reset
  • The average score is 26 of 30
Answer Stats
Income Answers % Correct
1,7 billion$ Canada
100%
18 billion$ China
100%
2,6 billion$ France
100%
3,5 billion$ Germany
100%
3,5 billion$ United Kingdom
100%
21,2 billion$ USA
100%
309 million$ India
97%
12 billion$ Japan
97%
1,2 billion$ Russia
97%
3,8 billion$ South Korea
97%
1,4 billion$ Italy
95%
1,4 billion$ Spain
95%
1,1 billion$ Australia
92%
1,2 billion$ Brazil
92%
997 million$ Mexico
92%
275 million$ Argentina
89%
372 million$ Turkey
89%
389 million$ Poland
87%
355 million$ Sweden
87%
275 million$ Austria
84%
300 million$ Switzerland
84%
204 million$ Indonesia
79%
230 million$ Norway
79%
591 million$ Taiwan
79%
237 million$ Thailand
76%
266 million$ Belgium
68%
220 million$ Malaysia
68%
206 million$ Singapore
61%
203 million$ Saudi Arabia
58%
421 million$ Netherlands
5%
No matching quizzes found
Score Distribution
Percent of People with Each Score
Percentile by Number Answered
Your Score History
You have not taken this quiz since the last reset